<?xml version="1.0" encoding="UTF-8"?>
<record
    xmlns:xsi="http://www.w3.org/2001/XMLSchema-instance"
    xsi:schemaLocation="http://www.loc.gov/MARC21/slim http://www.loc.gov/standards/marcxml/schema/MARC21slim.xsd"
    xmlns="http://www.loc.gov/MARC21/slim">

  <leader>00874cam a2200289 a 4500</leader>
  <controlfield tag="001">15614195</controlfield>
  <controlfield tag="003">OSt</controlfield>
  <controlfield tag="005">20250610095154.0</controlfield>
  <controlfield tag="008">090205s2009    nyua     b    001 0 eng  </controlfield>
  <datafield tag="010" ind1=" " ind2=" ">
    <subfield code="a">  2009004484</subfield>
  </datafield>
  <datafield tag="020" ind1=" " ind2=" ">
    <subfield code="a">9788130915456</subfield>
  </datafield>
  <datafield tag="040" ind1=" " ind2=" ">
    <subfield code="a">DLC</subfield>
    <subfield code="c">DLC</subfield>
    <subfield code="d">DLC</subfield>
  </datafield>
  <datafield tag="050" ind1="0" ind2="0">
    <subfield code="a">HB144</subfield>
    <subfield code="b">.D59 2009</subfield>
  </datafield>
  <datafield tag="082" ind1="0" ind2="0">
    <subfield code="a">519.3</subfield>
    <subfield code="b">DIX/G</subfield>
  </datafield>
  <datafield tag="100" ind1="1" ind2=" ">
    <subfield code="a">Dixit, Avinash K.</subfield>
    <subfield code="9">10570</subfield>
  </datafield>
  <datafield tag="245" ind1="1" ind2="0">
    <subfield code="a">Games of strategy /</subfield>
    <subfield code="c">Avinash Dixit, Susan Skeath, David Reiley.</subfield>
  </datafield>
  <datafield tag="250" ind1=" " ind2=" ">
    <subfield code="a">3rd ed.</subfield>
  </datafield>
  <datafield tag="260" ind1=" " ind2=" ">
    <subfield code="a">New York :</subfield>
    <subfield code="b">W. W. Norton &amp; Co.,</subfield>
    <subfield code="c">c2009.</subfield>
  </datafield>
  <datafield tag="300" ind1=" " ind2=" ">
    <subfield code="a">xxii, 794 p. :</subfield>
    <subfield code="b">ill. ;</subfield>
    <subfield code="c">26 cm.</subfield>
  </datafield>
  <datafield tag="504" ind1=" " ind2=" ">
    <subfield code="a">Includes bibliographical references and index.</subfield>
  </datafield>
  <datafield tag="650" ind1=" " ind2="0">
    <subfield code="a">Game theory.</subfield>
  </datafield>
  <datafield tag="650" ind1=" " ind2="0">
    <subfield code="a">Policy sciences.</subfield>
  </datafield>
  <datafield tag="650" ind1=" " ind2="0">
    <subfield code="a">Decision making.</subfield>
  </datafield>
  <datafield tag="700" ind1="1" ind2=" ">
    <subfield code="a">Skeath, Susan.</subfield>
  </datafield>
  <datafield tag="700" ind1="1" ind2=" ">
    <subfield code="a">Reiley, David H.</subfield>
  </datafield>
  <datafield tag="942" ind1=" " ind2=" ">
    <subfield code="2">ddc</subfield>
    <subfield code="c">BK</subfield>
    <subfield code="h">519.3</subfield>
    <subfield code="i">DIX/G</subfield>
    <subfield code="k">519.3</subfield>
    <subfield code="m">DIX/G</subfield>
  </datafield>
  <datafield tag="952" ind1=" " ind2=" ">
    <subfield code="0">0</subfield>
    <subfield code="1">0</subfield>
    <subfield code="2">ddc</subfield>
    <subfield code="4">0</subfield>
    <subfield code="7">0</subfield>
    <subfield code="8">MATHEMATICS</subfield>
    <subfield code="a">MES</subfield>
    <subfield code="b">MES</subfield>
    <subfield code="c">MAT</subfield>
    <subfield code="d">2025-06-10</subfield>
    <subfield code="l">0</subfield>
    <subfield code="o">519.3 DIX/G</subfield>
    <subfield code="p">45665</subfield>
    <subfield code="r">2025-06-10 09:51:42</subfield>
    <subfield code="t">1</subfield>
    <subfield code="w">2025-06-10</subfield>
    <subfield code="y">BK</subfield>
  </datafield>
  <datafield tag="952" ind1=" " ind2=" ">
    <subfield code="0">0</subfield>
    <subfield code="1">0</subfield>
    <subfield code="2">ddc</subfield>
    <subfield code="4">0</subfield>
    <subfield code="7">0</subfield>
    <subfield code="8">MATHEMATICS</subfield>
    <subfield code="a">MES</subfield>
    <subfield code="b">MES</subfield>
    <subfield code="c">MAT</subfield>
    <subfield code="d">2025-06-10</subfield>
    <subfield code="l">0</subfield>
    <subfield code="o">519.3 DIX/G</subfield>
    <subfield code="p">45666</subfield>
    <subfield code="r">2025-06-10 09:51:42</subfield>
    <subfield code="t">2</subfield>
    <subfield code="w">2025-06-10</subfield>
    <subfield code="y">BK</subfield>
  </datafield>
  <datafield tag="952" ind1=" " ind2=" ">
    <subfield code="0">0</subfield>
    <subfield code="1">0</subfield>
    <subfield code="2">ddc</subfield>
    <subfield code="4">0</subfield>
    <subfield code="7">0</subfield>
    <subfield code="8">MATHEMATICS</subfield>
    <subfield code="a">MES</subfield>
    <subfield code="b">MES</subfield>
    <subfield code="c">MAT</subfield>
    <subfield code="d">2025-06-10</subfield>
    <subfield code="l">0</subfield>
    <subfield code="o">519.3 DIX/G</subfield>
    <subfield code="p">45667</subfield>
    <subfield code="r">2025-06-10 09:51:42</subfield>
    <subfield code="t">3</subfield>
    <subfield code="w">2025-06-10</subfield>
    <subfield code="y">BK</subfield>
  </datafield>
  <datafield tag="952" ind1=" " ind2=" ">
    <subfield code="0">0</subfield>
    <subfield code="1">0</subfield>
    <subfield code="2">ddc</subfield>
    <subfield code="4">0</subfield>
    <subfield code="7">0</subfield>
    <subfield code="8">MATHEMATICS</subfield>
    <subfield code="a">MES</subfield>
    <subfield code="b">MES</subfield>
    <subfield code="c">MAT</subfield>
    <subfield code="d">2025-06-10</subfield>
    <subfield code="l">0</subfield>
    <subfield code="o">519.3 DIX/G</subfield>
    <subfield code="p">45668</subfield>
    <subfield code="r">2025-06-10 09:51:42</subfield>
    <subfield code="t">4</subfield>
    <subfield code="w">2025-06-10</subfield>
    <subfield code="y">BK</subfield>
  </datafield>
  <datafield tag="952" ind1=" " ind2=" ">
    <subfield code="0">0</subfield>
    <subfield code="1">0</subfield>
    <subfield code="2">ddc</subfield>
    <subfield code="4">0</subfield>
    <subfield code="7">0</subfield>
    <subfield code="8">MATHEMATICS</subfield>
    <subfield code="a">MES</subfield>
    <subfield code="b">MES</subfield>
    <subfield code="c">MAT</subfield>
    <subfield code="d">2025-06-10</subfield>
    <subfield code="l">0</subfield>
    <subfield code="o">519.3 DIX/G</subfield>
    <subfield code="p">45669</subfield>
    <subfield code="r">2025-06-10 09:51:42</subfield>
    <subfield code="t">5</subfield>
    <subfield code="w">2025-06-10</subfield>
    <subfield code="y">BK</subfield>
  </datafield>
  <datafield tag="952" ind1=" " ind2=" ">
    <subfield code="0">0</subfield>
    <subfield code="1">0</subfield>
    <subfield code="2">ddc</subfield>
    <subfield code="4">0</subfield>
    <subfield code="7">0</subfield>
    <subfield code="8">MATHEMATICS</subfield>
    <subfield code="a">MES</subfield>
    <subfield code="b">MES</subfield>
    <subfield code="c">MAT</subfield>
    <subfield code="d">2025-06-10</subfield>
    <subfield code="l">0</subfield>
    <subfield code="o">519.3 DIX/G</subfield>
    <subfield code="p">45670</subfield>
    <subfield code="r">2025-06-10 09:51:42</subfield>
    <subfield code="t">6</subfield>
    <subfield code="w">2025-06-10</subfield>
    <subfield code="y">BK</subfield>
  </datafield>
  <datafield tag="952" ind1=" " ind2=" ">
    <subfield code="0">0</subfield>
    <subfield code="1">0</subfield>
    <subfield code="2">ddc</subfield>
    <subfield code="4">0</subfield>
    <subfield code="7">0</subfield>
    <subfield code="8">MATHEMATICS</subfield>
    <subfield code="a">MES</subfield>
    <subfield code="b">MES</subfield>
    <subfield code="c">MAT</subfield>
    <subfield code="d">2025-06-10</subfield>
    <subfield code="l">0</subfield>
    <subfield code="o">519.3 DIX/G</subfield>
    <subfield code="p">45671</subfield>
    <subfield code="r">2025-06-10 09:51:42</subfield>
    <subfield code="t">7</subfield>
    <subfield code="w">2025-06-10</subfield>
    <subfield code="y">BK</subfield>
  </datafield>
  <datafield tag="952" ind1=" " ind2=" ">
    <subfield code="0">0</subfield>
    <subfield code="1">0</subfield>
    <subfield code="2">ddc</subfield>
    <subfield code="4">0</subfield>
    <subfield code="7">0</subfield>
    <subfield code="8">MATHEMATICS</subfield>
    <subfield code="a">MES</subfield>
    <subfield code="b">MES</subfield>
    <subfield code="c">MAT</subfield>
    <subfield code="d">2025-06-10</subfield>
    <subfield code="l">0</subfield>
    <subfield code="o">519.3 DIX/G</subfield>
    <subfield code="p">45672</subfield>
    <subfield code="r">2025-06-10 09:51:42</subfield>
    <subfield code="t">8</subfield>
    <subfield code="w">2025-06-10</subfield>
    <subfield code="y">BK</subfield>
  </datafield>
  <datafield tag="952" ind1=" " ind2=" ">
    <subfield code="0">0</subfield>
    <subfield code="1">0</subfield>
    <subfield code="2">ddc</subfield>
    <subfield code="4">0</subfield>
    <subfield code="7">0</subfield>
    <subfield code="8">MATHEMATICS</subfield>
    <subfield code="a">MES</subfield>
    <subfield code="b">MES</subfield>
    <subfield code="c">MAT</subfield>
    <subfield code="d">2025-06-10</subfield>
    <subfield code="l">0</subfield>
    <subfield code="o">519.3 DIX/G</subfield>
    <subfield code="p">45673</subfield>
    <subfield code="r">2025-06-10 09:51:42</subfield>
    <subfield code="t">9</subfield>
    <subfield code="w">2025-06-10</subfield>
    <subfield code="y">BK</subfield>
  </datafield>
  <datafield tag="952" ind1=" " ind2=" ">
    <subfield code="0">0</subfield>
    <subfield code="1">0</subfield>
    <subfield code="2">ddc</subfield>
    <subfield code="4">0</subfield>
    <subfield code="7">0</subfield>
    <subfield code="8">MATHEMATICS</subfield>
    <subfield code="a">MES</subfield>
    <subfield code="b">MES</subfield>
    <subfield code="c">MAT</subfield>
    <subfield code="d">2025-06-10</subfield>
    <subfield code="l">0</subfield>
    <subfield code="o">519.3 DIX/G</subfield>
    <subfield code="p">45674</subfield>
    <subfield code="r">2025-06-10 09:51:42</subfield>
    <subfield code="t">10</subfield>
    <subfield code="w">2025-06-10</subfield>
    <subfield code="y">BK</subfield>
  </datafield>
  <datafield tag="999" ind1=" " ind2=" ">
    <subfield code="c">44472</subfield>
    <subfield code="d">44472</subfield>
  </datafield>
</record>
